000
00377nam a22000977a 4500
100
_a
सिंह,नामवर
_9
81106
245
_a
रामचन्द्र शुक्ल प्रतिनिधि संकलन
260
_a
दिल्ली
_b
नेशनल बुक ट्रस्ट
_c
2003
650
_a
रचनावली
_9
163
942
_c
HIN
999
_c
64354
_d
64354